Linguistic approaches in english for academic purposes: (Record no. 1309435)

MARC details
000 -LEADER
fixed length control field 00834nam a22002297a 4500
005 - DATE AND TIME OF LATEST TRANSACTION
control field 20250428125251.0
008 - FIXED-LENGTH DATA ELEMENTS--GENERAL INFORMATION
fixed length control field 250428b |||||||| |||| 00| 0 eng d
020 ## - INTERNATIONAL STANDARD BOOK NUMBER
International Standard Book Number 978-1-3503-0030-9 (hbk)
037 ## - SOURCE OF ACQUISITION
Terms of availability TB
040 ## - CATALOGING SOURCE
Original cataloging agency CRL
Transcribing agency CRL
041 ## - LANGUAGE CODE
Source of code eng
Language code of text/sound track or separate title eng
084 ## - COLON CLASSIFICATION NUMBER
Classification number P111 R4
Assigning agency CRL
245 ## - TITLE STATEMENT
Title Linguistic approaches in english for academic purposes:
Remainder of title Expanding the discourse
260 ## - PUBLICATION, DISTRIBUTION, ETC.
Place of publication, distribution, etc. London, UK:
Name of publisher, distributor, etc. Bloomsbury Academic,
Date of publication, distribution, etc. 2024.
300 ## - PHYSICAL DESCRIPTION
Extent xi, 222p.
365 ## - TRADE PRICE
Price amount 90.00
Currency code UKP
490 ## - SERIES STATEMENT
Series statement New perspectives for english for academic purposes, (Edited) Alex Ding
650 ## - SUBJECT ADDED ENTRY--TOPICAL TERM
Source of heading or term Linguistics
700 ## - ADDED ENTRY--PERSONAL NAME
Personal name Walkova, Milada
Relator term Editor
9 (RLIN) 753116
942 ## - ADDED ENTRY ELEMENTS (KOHA)
Source of classification or shelving scheme Colon Classification (CC)
Koha item type Textbook
Classification part P111 R4
Suppress in OPAC No
Holdings
Withdrawn status Lost status Source of classification or shelving scheme Damaged status Not for loan Home library Current library Date acquired Source of acquisition Cost, normal purchase price Inventory number Total Checkouts Full call number Barcode Date last seen Price effective from Koha item type
    Colon Classification (CC)     Central Library Central Library 2025-04-28 Segment Book Distributors 90.00 69422 & 2025-01-07   P111 R4 CL1682463 2025-04-28 2025-04-28 Textbook
Copyright @ Delhi University Library System